[Event "Budapest-chT1 Lilienthal 1112"]
[Site "Budapest"]
[Date "2012.01.15"]
[Round "6"]
[White "Bea, Boglarka"]
[Black "Boguszlavszkij, Jevgenyij"]
[Result "1-0"]
[WhiteElo "2113"]
[BlackElo "2240"]
[PlyCount "139"]
[EventDate "2011.10.02"]
[EventType "team-tourn"]
[EventRounds "11"]
[EventCountry "HUN"]
[SourceTitle "EXT 2020"]
[Source "ChessBase"]
[SourceDate "2019.10.17"]
[SourceVersion "1"]
[SourceVersionDate "2019.10.17"]
[SourceQuality "1"]
[WhiteTeam "Penzugyor III"]
[BlackTeam "Budapest Vasas II"]
[WhiteTeamCountry "HUN"]
[BlackTeamCountry "HUN"]

1. e4 e5 2. Nf3 Nc6 3. Bb5 a6 4. Ba4 d6 5. 0-0 Bg4 6. c3 Qf6 7. d3 Bxf3 8. Qxf3 Qxf3 9. gxf3 Nge7 10. f4 0-0-0 11. Bc2 g6 12. fxe5 dxe5 13. f4 exf4 14. Bxf4 Bg7 15. Nd2 f5 16. exf5 Nxf5 17. d4 Nce7 18. Bg5 Rd7 19. Ba4 b5 20. Bb3 h6 21. Bf4 Nd5 22. Ne4 Nxf4 23. Rxf4 Re7 24. Nc5 Rhe8 25. Nxa6 h5 26. Bc2 Re2 27. Bxf5+ gxf5 28. Rf2 Bh6 29. Kf1 Rxf2+ 30. Kxf2 Bf4 31. Kf3 Bd6 32. Rg1 h4 33. Rg5 f4 34. Rxb5 Re3+ 35. Kf2 Rd3 36. Rb8+ Kd7 37. Nc5+ Bxc5 38. dxc5 Kc6 39. a4 Kxc5 40. a5 Rd6 41. Kf3 Ra6 42. Kxf4 Kc4 43. Rb4+ Kd3 44. Rb5 Kc4 45. Rb7 c5 46. Kg4 Rxa5 47. Kxh4 Ra8 48. h3 Rg8 49. b4 Rh8+ 50. Kg3 Rg8+ 51. Kh2 cxb4 52. cxb4 Rc8 53. Rb6 Kd5 54. Kg3 Rg8+ 55. Kh2 Rh8 56. Rg6 Ke4 57. b5 Rh5 58. b6 Rb5 59. h4 Kf4 60. Kg2 Rb2+ 61. Kf1 Ke3 62. h5 Rf2+ 63. Kg1 Rf7 64. h6 Re7 65. Kg2 Kf4 66. Kh3 Kf5 67. Rc6 Rh7 68. Kh4 Rb7 69. Kh5 Rh7 70. Rc7 1-0

[Event "Budapest-chT1 Lilienthal 1112"]
[Site "Budapest"]
[Date "2011.12.11"]
[Round "5"]
[White "Ress, Tamas"]
[Black "Bea, Boglarka"]
[Result "1/2-1/2"]
[WhiteElo "2310"]
[BlackElo "2113"]
[PlyCount "103"]
[EventDate "2011.10.02"]
[EventType "team-tourn"]
[EventRounds "11"]
[EventCountry "HUN"]
[SourceTitle "EXT 2020"]
[Source "ChessBase"]
[SourceDate "2019.10.17"]
[SourceVersion "1"]
[SourceVersionDate "2019.10.17"]
[SourceQuality "1"]
[WhiteTeam "Hid Unio"]
[BlackTeam "Penzugyor III"]
[WhiteTeamCountry "HUN"]
[BlackTeamCountry "HUN"]

1. d4 Nf6 2. Bg5 d5 3. Nf3 g6 4. Bxf6 exf6 5. e3 Be6 6. Nbd2 c6 7. c4 dxc4 8. Bxc4 Bxc4 9. Nxc4 Bb4+ 10. Ncd2 0-0 11. 0-0 Re8 12. a3 Bd6 13. b4 Nd7 14. Nc4 Nb6 15. Qb3 a6 16. a4 Bf8 17. Rab1 Nxc4 18. Qxc4 Qd5 19. Rfc1 Rec8 20. Nd2 b5 21. Qc2 f5 22. g3 Kg7 23. a5 Rc7 24. Qc3 h5 25. f3 Rd8 26. Kf2 h4 27. Nb3 Be7 28. Nc5 Rh8 29. Rh1 Bxc5 30. dxc5+ f6 31. Rbd1 Qf7 32. Rd6 Rd7 33. Rhd1 hxg3+ 34. Kxg3 Rhd8 35. Qd4 Rxd6 36. cxd6 Qd7 37. Qb6 Ra8 38. Kg2 Kf7 39. Rc1 Rc8 40. Qxa6 Qxd6 41. Rc2 Qc7 42. Qb6 Qxb6 43. axb6 Ke7 44. b7 Rb8 45. Rxc6 Rxb7 46. h4 Kf7 47. Kg3 Re7 48. Rc5 Rxe3 49. Rxb5 Rb3 50. Rb7+ Ke6 51. Rg7 g5 52. hxg5 1/2-1/2

[Event "Wch U16 Girls"]
[Site "Caldas Novas"]
[Date "2011.11.20"]
[Round "3"]
[White "Bea, Boglarka"]
[Black "Rovira Contreras, Tairu Manuela"]
[Result "1-0"]
[WhiteElo "2116"]
[BlackElo "1977"]
[PlyCount "83"]
[EventDate "2011.11.18"]
[EventType "swiss"]
[EventRounds "9"]
[EventCountry "BRA"]
[SourceTitle "EXT 2013"]
[Source "ChessBase"]
[SourceDate "2012.11.22"]
[SourceVersion "1"]
[SourceVersionDate "2012.11.22"]
[SourceQuality "1"]

1. e4 e5 2. Nf3 Nc6 3. Bb5 a6 4. Ba4 Nf6 5. 0-0 Be7 6. Re1 b5 7. Bb3 0-0 8. d4 Nxd4 9. Nxd4 exd4 10. e5 Ne8 11. Qxd4 Bb7 12. Qg4 c5 13. c3 d5 14. Bc2 Bc8 15. Qe2 g6 16. a4 bxa4 17. Bxa4 Qb6 18. Nd2 Ng7 19. Nf1 Rd8 20. Rd1 a5 21. Ne3 Bb7 22. Ra3 Rac8 23. Ng4 Qe6 24. Nh6+ Kh8 25. Bc2 f5 26. g4 Rf8 27. f4 c4 28. Ra1 fxg4 29. Be3 Bc5 30. Rxa5 Bb6 31. Rb5 Bxe3+ 32. Qxe3 Bc6 33. Rb6 Nf5 34. Nxf5 gxf5 35. Ba4 Qe8 36. Bxc6 Rxc6 37. Rxd5 Qa8 38. Rxc6 Qxc6 39. Qd4 Qa6 40. e6+ Kg8 41. Rd7 Qa1+ 42. Kf2 1-0